| 000 | 00353cam a2200145ua 4500 | ||
|---|---|---|---|
| 041 |
_aeng _h |
||
| 082 |
_a823.308 _bGRA/FO |
||
| 100 | _aGraham, Winston . | ||
| 245 |
_aForgotten story / _cWinston Graham. _hTextual Documents |
||
| 260 |
_aLondon : _bThe Bodley head , _c1964. |
||
| 300 | _a224 ; . | ||
| 504 | _a | ||
| 942 | _cBK | ||
| 999 |
_c7787 _d7787 |
||